00588nam a22001817a 450000500170000001000150001702000260003203500140005803700130007208200170008524500880010224600060019026000540019627000530025030000350030350000500033870000180038820161110145206.0 aENG-116513 a9789350980804c895.00 aEN-100045 bDBAD/PUB a303.48254059 aIndia's Asia-Pacific engagement :cedited Amar Nath RambImpulses and imperatives / a  aNew DelhibManohar Publisher & Distributorsc2014 a4753/23 Ansari Road,DaryaganjbNew Delhie110002 a298p. :c22cm (Hb)bill (maps) aIncludes bibliographical references and index aAmar Nath Ram